| 000 | 01137cam a22002894a 4500 | ||
|---|---|---|---|
| 001 | 11967744 | ||
| 003 | ARRUPE | ||
| 005 | 20150909143818.0 | ||
| 008 | 000407t20001995miu b 001 0 eng | ||
| 010 | _a 00030407 | ||
| 020 | _a0801022401 (paper) | ||
| 040 |
_aDLC _cDLC _dDLC |
||
| 042 | _apcc | ||
| 050 | 0 | 0 |
_aBM176 _b.S38 2000 |
| 082 | 0 | 0 |
_a296/.09/014 _221 |
| 100 | 1 |
_aScott, J. Julius. _919639 |
|
| 240 | 1 | 0 | _aCustoms and controversies |
| 245 | 1 | 0 |
_aJewish backgrounds of the New Testament / _cJ. Julius Scott, Jr. |
| 260 |
_aGrand Rapids, Mich. : _bBaker Books, _c[2000], c1995. |
||
| 300 |
_a416 p. : _bill., maps ; _c23 cm. |
||
| 500 | _aPreviously published under title: Customs and controversies. | ||
| 504 | _aIncludes bibliographical references (p. 375-386) and indexes. | ||
| 650 | 0 |
_aJudaism _xHistory _yPost-exilic period, 586 B.C.-210 A.D. _919640 |
|
| 906 |
_a7 _bcbc _corignew _d1 _eocip _f20 _gy-gencatlg |
||
| 942 |
_2lcc _cMONOGRAPH |
||
| 999 |
_c123340 _d123340 |
||